ბათუმის შოთა რუსთაველის სახელმწიფო უნივერსიტეტის ბიბლიოთეკა

Applying Communication Theory for Professional Life: A Practical Introduction (ბიბ.ჩანაწერი № 51313)

000 -LEADER
fixed length control field 00654nam a2200229Ia 4500
001 - CONTROL NUMBER
control field 18282
003 - CONTROL NUMBER IDENTIFIER
control field GE_BSU
008 - FIXED-LENGTH DATA ELEMENTS--GENERAL INFORMATION
fixed length control field 181216s||||||||xx |||||||||||||| ||und||
020 ## - INTERNATIONAL STANDARD BOOK NUMBER
International Standard Book Number 9781452276540
040 ## - CATALOGING SOURCE
Transcribing agency GE_BSU
080 ## - UNIVERSAL DECIMAL CLASSIFICATION NUMBER
Universal Decimal Classification number 30
100 ## - MAIN ENTRY--PERSONAL NAME
Personal name Dainton, Marianne; Zelley, Elaine D.
245 ## - TITLE STATEMENT
Title Applying Communication Theory for Professional Life: A Practical Introduction
260 ## - PUBLICATION, DISTRIBUTION, ETC.
Place of publication, distribution, etc. Los Angeles
260 ## - PUBLICATION, DISTRIBUTION, ETC.
Name of publisher, distributor, etc. Sage
260 ## - PUBLICATION, DISTRIBUTION, ETC.
Date of publication, distribution, etc. 2015
300 ## - PHYSICAL DESCRIPTION
Extent 260p. 23 cm.
653 ## - INDEX TERM--UNCONTROLLED
Uncontrolled term Applying Communication Theory for Professional Life: A Practical Introduction
653 ## - INDEX TERM--UNCONTROLLED
Uncontrolled term კომუნიკაცია
942 ## - ADDED ENTRY ELEMENTS (KOHA)
Koha item type წიგნი
ეგზემპლარები
Withdrawn status Lost status Damaged status Not for loan Date acquired Barcode Date last seen Price effective from Koha item type
        2018-12-17 46537 2018-12-17 2018-12-17 წიგნი